Reporting of non-financial information on companies in the context of sustainable development in Slovakia
Problematika trvalo udržateľného rozvoja a spoločenskej zodpovednosti podnikateľských subjektov. Analýza právneho rámca vykazovania nefinančných informácií v SR. Ročná správa o platbách orgánom verejnej moci. Výročná správa. Vykazovanie nefinančných informácií v najväčších podnikoch v SR.
Guardado en:
| Autor principal: | |
|---|---|
| Formato: | Capítulo de libro |
| Lenguaje: | eslovaco |
| Materias: | |
| Etiquetas: |
Sin Etiquetas, Sea el primero en etiquetar este registro!
|
MARC
| LEADER | 00000naa$a2200000$$$4500 | ||
|---|---|---|---|
| 001 | 0223007 | ||
| 005 | 20240502083554.7 | ||
| 041 | 0 | |a slo | |
| 044 | |a CZ | ||
| 245 | 1 | 0 | |a Reporting of non-financial information on companies in the context of sustainable development in Slovakia |c Renáta Pakšiová |
| 520 | |a Problematika trvalo udržateľného rozvoja a spoločenskej zodpovednosti podnikateľských subjektov. Analýza právneho rámca vykazovania nefinančných informácií v SR. Ročná správa o platbách orgánom verejnej moci. Výročná správa. Vykazovanie nefinančných informácií v najväčších podnikoch v SR. | ||
| 610 | 2 | 0 | |a rozvoj trvalo udržateľný |
| 610 | 2 | 0 | |a podnikanie zodpovedné |
| 610 | 2 | 0 | |a zodpovednosť spoločenská |
| 610 | 2 | 0 | |a ochrana prostredia životného |
| 610 | 2 | 0 | |a firmy |
| 610 | 2 | 0 | |a moc verejná |
| 610 | 2 | 0 | |a legislatíva |
| 610 | 2 | 0 | |a prieskum |
| 610 | 2 | 0 | |a informácie |
| 610 | 2 | 0 | |a Slovensko |
| 100 | 1 | |a Pakšiová, Renáta, 1974- | |